000 01376nam0a2200325 4500
001 RU\NLR\bibl\108785
005 20250617091013.0
021 _aRU
_b2000-18792
_9887
035 _a(NLR Aleph) 000106472
090 _a602891
_c602891
100 _a20000919d2000 |||y0rusy50 ca
101 0 _arus
102 _aRU
105 _aa |||||||||
200 1 _aКурс лекций по дисциплине "Социальная диагностика и профилактика"
_fС.П. Татарова
_gВост.-Сиб. гос. акад. культуры и искусств
210 _aУлан-Удэ
_cВСГАКИ
_d2000
215 _a62 с.
_cил.
_d20
225 1 _aУчебно-методическая библиотека факультета УСКД
320 _aБиблиогр.: с. 60-61 (13 назв.) и в конце лекций
606 0 _aСоциальная педагогика
_xКадры
_xПодготовка
_91615138
_3RU\NLR\auth\66712099
606 0 _aСоциальная педагогика
_xПреподавание
_92115567
_3RU\NLR\auth\661278093
686 _aЧ30я7
686 _aЧ30в2
700 1 _aТатарова
_bС. П.
_gСветлана Петровна
_4070
801 0 _aRU
_bNLR
_c20000919
_gPSBO
801 1 _aRU
_bNLR
_c20000919
852 _aNLR
_j2000-4/5021
942 _cBOOK
980 _aNB